000 01041nam a22002417a 4500
005 20130610105228.0
008 090728t xxu||||| |||| 00| 0 pun d
010 _aPUN-7443 B-494084-088
020 _c200.00
_a9788178563619
035 _aPN-6561 B-494084-088
037 _bDBAD / PUB/Waris Shah Foundations
037 _bBPPD/KKP
040 _adpl
_bPN
082 _a851.08
100 _937323
_aਸ਼ੈਰੀ ਸਿੰਘ
245 _aਲੋਕ ਰੰਗ :
_cਸ਼ੈਰੀ ਸਿੰਘ
_bਪਾਠ ਅਤੇ ਪ੍ਰਸੰਗ /
246 _aLok Rang: Path ate prasang
_bby Sherry Singh
260 _aAmritsar
_bWaris Shah Foundations
_c2012
270 _b42, Guru Teg Bahadur Nagar,
_aAmritsar (Pb)
_k0183-2450520
_e143 002
300 _a144ਪਂ;
_b21ਸੇਂਮੀ(ਸਜਿਲਦ)
942 _2ddc
_cPN
_h851.08
_mਸ਼ੈਰੀਸਿੰ
999 _c71020
_d71020